Регионална библиотека "Любен Каравелов" - Русе

Лудориите на лошото момиче (Запис номер 196744)

MARC детайли
000 -Лидер
Контролно поле с фиксирана дължина 01473nam a2200361 c 4500
003 - Код на организацията, давaща контролен номер
Контролно поле BLK
005 - Дата и час на последна редакция
Контролно поле 20241127111926.0
008 - Елементи от данни с фиксирана дължина
fixed length control field 180411b bul|||||r ||||||| ||bul||
010 ## - Наследен системен номер
LC control number KNG00206017000
020 ## - Международен стандартен номер на книга ISBN
Международен стандартен номер на книга ISBN 978-954-26-0545-4
-- издат.: Хермес
040 ## - Източник на каталожния запис
Идентификатор на билиотеката - собственик на записа BLK
041 ## - Код за език
Код за езика на текст/звукозапис или на отделно заглавие Български
Код за езика КДБФ Български
072 #7 - Код за тематичната категория
Код организация bullib
Код за тематична категория Н83
Текст Чужда художествена литература Н
080 ## - УДК
Текстов определител УДК Перуанска литература
УДК код - определител по УДК 821.134.2(85)
УДК определител -31
УДК - код + определител 821.134.2(85)-31
100 1# - Редна дума - Автор
Автор Варгас Льоса, Марио
Авторска отговорност първи автор
R(LIN) 383298
139 ## - Редно поле
Редна дума Варгас Льоса, Марио
Авторски знак Вар - В 22
245 10 - Сведения за заглавието
Заглавие Лудориите на лошото момиче
Подзаглавни данни Роман
Редно поле (дума) Марио Варгас Льоса; прев. от исп. Върбинка Костадинова.
250 ## - Област на изданието
Сведения за изданието 2. изд.
257 ## - Страна на издаване
Страна на създаване/издаване Перу
260 ## - Област на издателските данни
-- Пловдив
Име на издателя, разпространителя и проч. Хермес
Година на издаване 2014
Печатница Хасково : Полиграф
300 ## - Физическа характеристика
Страници 352 с.
Размери/Мащаб 21 см
380 ## - Жанр
Жанр Худож. лит.
500 ## - Общи забележки
Забележка 1. изд. 2007. - Ориг. загл. Travesuras de la nina mala / Mario Vargas Lliosa.
653 ## - Ключова дума – ненормативна
Ключова дума романи
659 ## - Тематичен бюлетин
Тематичен бюлетин Н
700 1# - Други автори (авторска отговорност)
Лично име Костадинова, Върбинка
Автороска отговорност (Описва отношението между автора и произведението) прев. от исп.
9 (RLIN) 295419
852 ## - Местоположение
Форматна сигнатура Цб 285411
856 4# - Електронен адрес и достъп
Електронен формат pdf - файл
Път до файла /url/
856 4# - Електронен адрес и достъп
Електронен формат pdf - файл
Път до файла /url/
942 ## - АРТИКУЛИ
Вид на библиотечния материал Книги
Скрит в OPAC Не
Koha issues (borrowed), all copies 24
944 ## - СЪЗДАВАНЕ И РЕДАКЦИЯ на ЗАПИСА
Създаване/Редакция Създаване
Дата на регистрацията/редакция 11.05.2017
Статус, дата на статуса Цветомила Тодорова
Служител, извършил регистрацията/редакцията 30576
944 ## - СЪЗДАВАНЕ И РЕДАКЦИЯ на ЗАПИСА
Създаване/Редакция Редакция
Дата на регистрацията/редакция 18.05.2017
Статус, дата на статуса ф /
Служител, извършил регистрацията/редакцията Людмила_Стоянова
999 ## - СИСТЕМНИ КОНТРОЛНИ НОМЕРА
Koha biblionumber 196744
Koha biblioitemnumber 196744
Наличности
Код за отписване Код за изгубен артикул Източник на класификационната схема Код за повреда Коз за рестрикции Код за отдаване Артикулен № Име на библиотеката - собственик Име на библиотеката, в която се намира в момента Статус (Текущо местоположение) Дата на вписване в системата Местоположение - отдел Цена в лева Инвентарен номер Систематично азбучна сигнатура Баркод Номер на екземпляра Цена в евро Служебна бележка Служебен тип на артикула
  Не е изгубен Universal Decimal Classification Не е повреден без рестрикции заемане за дома 342958 Регионална библиотека "Любен Каравелов" Русе Регионална библиотека "Любен Каравелов" Русе Заемна - подръчен фонд 2017-05-12 Заемна - подръчен фонд 5.98 120000810764 П 860(7/8)-31/В 22 120000810764 1 3.06 Дост: Pk Вид: Ф N: 830 Дата: 12.05.2017 Дата инв: 09.02.2018 Бележки инв: П2018 Книги
  Не е изгубен   Не е повреден без рестрикции заемане за дома 342959 Регионална библиотека "Любен Каравелов" Русе Регионална библиотека "Любен Каравелов" Русе Заемна - подръчен фонд 2017-05-12 Заемна - подръчен фонд 5.98 120000810765 П 860(7/8)-31/В 22 120000810765 2 3.06 Дост: Pk Вид: Ф N: 830 Дата: 12.05.2017 Дата инв: 28.02.2018 Бележки инв: П2018 Книги
  Не е изгубен   Не е повреден без рестрикции заемане за дома 342960 Регионална библиотека "Любен Каравелов" Русе Регионална библиотека "Любен Каравелов" Русе Заемна - подръчен фонд 2017-05-12 Заемна - подръчен фонд 5.98 120000810766 П 860(7/8)-31/В 22 120000810766 3 3.06 Дост: Pk Вид: Ф N: 830 Дата: 12.05.2017 Дата инв: 09.02.2018 Бележки инв: П2018 Книги
Vip Innovations Ltd, Rousse, Bulgaria 2025